New opportunities, Education for life: elementary. Student's Book

Guardat en:
Dades bibliogràfiques
Autors principals: Harris, Michael (Autor), Mower, David (Autor), Sikorzynska, Anna (Autor)
Format: Llibre
Idioma:anglès
Publicat: Harlow Pearson Education Limited 2006
Edició:2a. ed
Matèries:
Etiquetes: Afegir etiqueta
Sense etiquetes, Sigues el primer a etiquetar aquest registre!

MARC

LEADER 00000cam a2200000 a 4500
001 UCF6681
003 CL-VaPUC
008 130516e20060000UK |||||||||||||||||eng|d
020 |a 9780582854116 
082 0 4 |a 428  |b HAR  |2 21 
100 |a Harris, Michael  |e author  |9 569636 
700 |a Mower, David  |e author  |9 569637 
700 0 |a Sikorzynska, Anna  |e author  |9 568707 
245 1 0 |a New opportunities, Education for life: elementary. Student's Book 
250 |a 2a. ed 
300 |a 144 p 
942 |c BK 
945 |d 20130516 00:00:00  |a dcastane 
260 |a Harlow  |b Pearson Education Limited  |c 2006 
500 |a Incluye Mini-Dictionary editado por Christina Ruse 
650 0 |a Educación lingüística  |9 306506 
650 0 |a Métodos de enseñanza  |9 270413 
650 0 |a Enseñanza del inglés  |9 367340 
650 0 |a Lengua inglesa  |9 318842 
650 0 |a Libros de texto  |9 270019 
583 |a last modification  |c 20131008 10:50:33  |k Rodrigo Vera 
999 |c 351820  |d 351818 
952 |0 0  |1 0  |4 0  |6 428_000000000000000_HAR_2006  |7 0  |8 A  |9 456161  |a BIBEDU  |b BIBEDU  |d 2019-11-22  |i 4972368  |l 2  |o 428 HAR 2006  |p 4972368  |r 2023-08-23  |s 2023-08-23  |w 2019-11-22  |y BK  |k LIT 
952 |0 0  |1 0  |4 0  |6 428_000000000000000_HAR_2006  |7 0  |8 A  |9 456163  |a BIBEDU  |b BIBEDU  |d 2019-11-22  |i 4972384  |o 428 HAR 2006  |p 4972384  |r 2019-11-22  |w 2019-11-22  |y BK  |k LIT 
952 |0 0  |1 0  |4 0  |6 428_000000000000000_HAR_2006  |7 0  |8 A  |9 456164  |a BIBEDU  |b BIBEDU  |d 2019-11-22  |i 4972392  |l 3  |o 428 HAR 2006  |p 4972392  |r 2023-05-26  |s 2023-05-19  |w 2019-11-22  |y BK  |k LIT 
952 |0 0  |1 0  |4 0  |6 428_000000000000000_HAR_2006  |7 0  |8 A  |9 456165  |a BIBEDU  |b BIBEDU  |d 2019-11-22  |i 4972406  |l 3  |o 428 HAR 2006  |p 4972406  |r 2024-04-23  |s 2024-04-22  |w 2019-11-22  |y BK  |k LIT 
952 |0 0  |1 0  |4 0  |6 428_000000000000000_HAR_2006  |7 0  |8 A  |9 456166  |a BIBEDU  |b BIBEDU  |d 2019-11-22  |i 4980816  |l 2  |m 1  |o 428 HAR 2006  |p 4980816  |r 2023-10-05  |s 2023-10-03  |w 2019-11-22  |y BK  |k LIT 
952 |0 0  |1 0  |4 0  |6 428_000000000000000_HAR_2006  |7 0  |8 A  |9 456167  |a BIBEDU  |b BIBEDU  |d 2019-11-22  |i 4980824  |l 3  |o 428 HAR 2006  |p 4980824  |r 2023-08-23  |s 2023-08-23  |w 2019-11-22  |y BK  |k LIT 
952 |0 0  |1 0  |4 0  |6 428_000000000000000_HAR_2006  |7 0  |8 A  |9 456168  |a BIBEDU  |b BIBEDU  |d 2019-11-22  |i 4992113  |l 3  |o 428 HAR 2006  |p 4992113  |r 2024-09-09  |s 2024-09-05  |w 2019-11-22  |y BK  |k LIT